| 000 | 00000nam##2200000za#4500 |
| 001 | 9.648706 |
| 003 | CaOODSP |
| 005 | 20210615113244 |
| 007 | ta |
| 008 | 150407|2002||||xxc||||| f|0| 0 eng|d |
| 020 | |a0-662-33184-2 |
| 040 | |aCaOODSP|beng |
| 043 | |an-cn--- |
| 086 | 1 |aD82-22/2002E |
| 110 | 1 |aCanada. |bPublic Safety and Emergency Preparedness Canada. |
| 245 | 10|aBasic rescue skills / |cProduced by Public Safety and Emergency Preparedness Canada in consultation with St. John Ambulance ... [et al.] |
| 250 | |aRevised |
| 260 | |aOttawa - Ontario : |bPublic Safety and Emergency Preparedness Canada |c©2002. |
| 300 | |a28p. : |billus. (some coloured) ; |c23 cm. |
| 520 | 3 |aThe purpose of this booklet is to provide basic information about rescue work in damaged structures to individuals interested in the subject. |
| 563 | |aPamphlet |
| 590 | |a07-04|b2007-01-26 |
| 690 | 07|aEmergency preparedness|2gcpds |
| 690 | 07|aRescue|2gcpds |
| 710 | 2 |aSt. John Ambulance. |
| 775 | 08|tLes techniques élémentaires du sauvetage / |w(CaOODSP)9.681971 |
| 776 | 0#|tBasic rescue skills / |w(CaOODSP)9.686378 |